00827nam a2200205 a 450000100100000000500170001000800410002702000150006804000250008324500640010824600330017226000270020530000230023249000570025550000730031270000420038571000720042795201050049999900170060400003728920200930080252.0120321s1985 sp 000 0 spa d a8400059395 aDO-SdBNPbspacBNPHU00aA xxxi epitome de anima /cedidet Salvator Gómez Nogalez.13aA veintiuno epitome de anima aMadrid :bCSIC,c1985. a[260] p. ;c25 cm.1 aCorpus commentariorum Averrois in AristolemaArabica aIncluye referencias bibliográficas y notas al pie de las páginas1 aGómez Nogalez, Salvatoreed.9637252 aConsejo Superior de Investigaciones Sientíficas (España)963726 001050718MOaGRbGRcCTd2012-03-21iLF1l0o p37289-10r2020-06-25w2020-06-25y1ZNo se presta c36779d36779